| 000 | 00517nam a2200193 4500 | ||
|---|---|---|---|
| 001 | 116841 | ||
| 003 | ES-MaACL | ||
| 005 | 20230906190758.0 | ||
| 007 | t| | ||
| 008 | 061121m19001990sp r ||||1| spa d | ||
| 100 | 1 |
_aPenche, M. _990153 |
|
| 245 | 1 | 0 |
_aEmulsiones y filtros / _cpor M. Penche. |
| 260 |
_aMadrid : _bBiblis, _c[19__?] |
||
| 300 |
_a71 p., 4 lám. : _bil. ; _c17 cm. |
||
| 490 | 1 | _aFoto-Norma | |
| 830 | 0 |
_aFoto-Norma _9233328 |
|
| 852 |
_aES-MaACL _j1486-F-2 _bR.26344 |
||
| 999 |
_c116841 _d116841 |
||